| 000 | 00512nam a2200121Ia 4500 | ||
|---|---|---|---|
| 008 | 160712s9999 xx 000 0 und d | ||
| 100 | _aErasga, Dennis S. | ||
| 245 |
_cDennis S. Erasga _aPakiramdaman: Isang Tatak Filipinong Lapit sa Pagdadalumat sa Sosyolohiya (Pakiramdaman: A Filipino Brand of Reflective Inquiry in Sociology) |
||
| 260 |
_c2015 _bHumanities Diliman |
||
| 300 | _avol. 12 no. 1 | ||
| 650 | _xHUMANITIES | ||
| 856 | _uhttp://journals.upd.edu.ph/index.php/humanitiesdiliman/issue/view/502/showToc | ||
| 999 |
_c297048 _d297048 |
||